Simulacion de una planta de tratamiento de aguas residuales industriales usando superpro designer

Gespeichert in:
Bibliographische Detailangaben
1. Verfasser: Pomares Iraheta, Efrain Ezequiel
Format: Abschlussarbeit Buch
Sprache:Undetermined
Veröffentlicht: 2002
Schlagworte:
Tags: Tag hinzufügen
Keine Tags, Fügen Sie den ersten Tag hinzu!

MARC

LEADER 00000nam a2200000Ia 4500
001 9045
008 140114s9999 xx 000 0 und d
100 |a Pomares Iraheta, Efrain Ezequiel 
245 |a Simulacion de una planta de tratamiento de aguas residuales industriales usando superpro designer 
260 |c 2002 
500 |a NULL 
502 |a Escuela de ingenieria Quimica 
650 |z AGUAS RESIDUALES 
999 |c 12604  |d 12604